• 首页
  • 本馆介绍
  • 公告通知
  • 最新文献
  • 馆藏检索
  • 电子资源
  • 读者导购
  • 参考咨询
  • 我的图书馆
  • 登录
  • 详细信息显示
  • 放入我的书架
  • 预约/预借图书
  • 作者相关作品
  • 分类相关作品
  • 丛书相关作品
  • 出版社相关作品

书目信息

  • 表格格式
  • 工作单格式
  • 卡片格式
题名:
新闻评论
    
 
作者: 刘茂华 , 焦俊波 编著
分册:  
出版信息: 上海   上海交通大学出版社  2019.7
页数: 237页
开本: 26cm
丛书名:
单 册:
中图分类: G212.2
科图分类:
主题词: 评论性新闻
电子资源:
ISBN: 978-7-313-17212-9
000 01073nam0 2200325 45
001 012001004021
005 20140926100041.0
010    @a978-7-313-17212-9@dCNY45.00
099    @aCAL 012017118977
100    @a20170719d2017 em y0chiy0110 ea
101 0  @achi
102    @aCN@b310000
105    @ay a 000yy
106    @ar
200 1  @a新闻评论@Axin wen ping lun@e原理、方法与案例@f刘茂华, 焦俊波编著
210    @a上海@c上海交通大学出版社@d2019.7
215    @a237页@d26cm
300    @a并列题名:News commentary
300    @a其他题名:原理、方法与案例
312    @a英文题名取自封面
320    @a有书目
330    @a本书系统阐述了新闻评论的基本原理、写作方法、操作流程, 同时配备了典范的新闻评论案例和解析, 将理论、方法和案例巧妙地融合到了一起, 便于学习者系统训练新闻评论实战写作能力。
510 1  @aNews commentary@zeng
517 1  @a原理、方法与案例
606 0  @a评论性新闻
690    @aG212.2@v5
701  0 @a刘茂华@Aliu mao hua@4编著
701  0 @a焦俊波@Ajiao jun bo@4编著
801    @aCN@bAHXH@c20210922
905    @b1329004-7@dG212.2@e1010@f4
    
    新闻评论:原理、方法与案例/刘茂华, 焦俊波编著.-上海:上海交通大学出版社,2019.7
    237页;26cm
    并列题名:News commentary.-其他题名:原理、方法与案例
    
    ISBN 978-7-313-17212-9:CNY45.00
    本书系统阐述了新闻评论的基本原理、写作方法、操作流程, 同时配备了典范的新闻评论案例和解析, 将理论、方法和案例巧妙地融合到了一起, 便于学习者系统训练新闻评论实战写作能力。
●
相关链接 在E读中查询图书 在五车中查询图书 在当当中查询图书 在豆瓣中查询图书


正题名:新闻评论     索取号:G212.2/1010         预约/预借

序号 登录号 条形码 馆藏地/架位号 状态 备注
1 1329004   213290044   第一样本阅览室/ [索取号:G212.2/1010] 在馆    
2 1329005   213290053   第四借阅区/ [索取号:G212.2/1010] 在馆    
3 1329006   213290062   第四借阅区/ [索取号:G212.2/1010] 在馆    
4 1329007   213290071   第四借阅区/ [索取号:G212.2/1010] 在馆    
唐山师范学院图书馆 欢迎您!
大连网信软件有限公司© 版权所有